000 004480000a22001810004500
003 MACL
005 20150804134501.0
008 150804b xxu||||| |||| 00| 0 eng d
040 _aMACL
_cMACL
041 _aEnglish
082 _a370
100 _aNityaswarupananda, Swami
_91025
245 _aSchool of World Civilization
260 _bRamkrishna Mission
_c1967
_aCalcutta
350 _a3.50
650 _aEducation
_94583
942 _cBK
_k370
_2ddc
999 _c6794
_d6794